Normal view
MARC view
Entry Personal Name
001 - CONTROL NUMBER
- control field: 17416
003 - CONTROL NUMBER IDENTIFIER
- control field: OSt
005 - DATE AND TIME OF LATEST TRANSACTION
- control field: 20230215094708.0
008 - FIXED-LENGTH DATA ELEMENTS
- fixed length control field: 230215|| aca||aabn | a|a d
040 ## - CATALOGING SOURCE
- Original cataloging agency: OSt
- Transcribing agency: OSt
100 ## - HEADING--PERSONAL NAME
- Personal name: ညိုကြီး၊ ရဲမြန်မာ-
670 ## - SOURCE DATA FOUND
- Source citation: Work cat.: (OSt): ညိုကြီး၊ ရဲမြန်မာ-, မြတ်ကျမ်းရွှေစာအလင်္ကာခေါ်နရုပ္ပတ္တိရာဇဝင်သမိုင်းအကျဉ်းချုပ်၊ Outline of the royal history in Poem\